| 000 | 00639cam a2200229 a 4500 | ||
|---|---|---|---|
| 001 | 16127227 | ||
| 005 | 20180103081407.0 | ||
| 008 | 100309s2010 at a 001 0 eng | ||
| 010 | _a 2010286219 | ||
| 020 | _a9780538449373 | ||
| 020 | _a0538449373 | ||
| 040 |
_aDLC _cDLC _dDLC |
||
| 041 | _aeng | ||
| 080 | _a332.024 | ||
| 082 | 0 | 0 |
_a332.024 RYA _222 |
| 100 | 1 | _a56 | |
| 101 | _aFIN | ||
| 245 | 1 | 0 |
_aManaging your personal finances / _cJoan S. Ryan. |
| 906 |
_a7 _bcbc _corigcop _d3 _encip _f20 _gy-gencatlg |
||
| 942 |
_2ddc _cBK |
||
| 999 |
_c39652 _d39652 |
||